书目信息 |
| 题名: |
同调代数引论
|
|
| 作者: | 佟文廷 著 | |
| 分册: | ||
| 出版信息: | 北京 高等教育出版社 1998 |
|
| 页数: | 334页 | |
| 开本: | 20cm | |
| 丛书名: | ||
| 单 册: | ||
| 中图分类: | O154.2 | |
| 科图分类: | ||
| 主题词: | 代数 , 数论 , 组合数学 | |
| 电子资源: | ||
| ISBN: | 7-04-006239-9 | |
| 000 | 00556nam0 2200205 450 | |
| 001 | 0732828906 | |
| 005 | 20070903090708.90 | |
| 010 | @a7-04-006239-9@d¥10.60 | |
| 100 | @a20070903d km y0chiy0120 ea | |
| 101 | 0 | @achi |
| 200 | 1 | @a同调代数引论@Atong tiao dai shu yin lun@f佟文廷著@Ftong wen ting zhu |
| 210 | @a北京@c高等教育出版社@d1998 | |
| 215 | @a334页@d20cm | |
| 606 | 0 | @a代数 |
| 606 | 0 | @a数论 |
| 606 | 0 | @a组合数学 |
| 690 | @aO154.2@v3 | |
| 701 | 0 | @a佟文廷@Atong wen ting@4著 |
| 801 | 0 | @aCN@bPFT@c20070903 |
| 905 | @a213230@dO154.2@eS258@f1 | |
| 同调代数引论/佟文廷著.-北京:高等教育出版社,1998 |
| 334页;20cm |
| ISBN 7-04-006239-9:¥10.60 |
| ● |
| 相关链接 |
|
|
|
|
正题名:同调代数引论
索取号:O154.2/S258
 
预约/预借
| 序号 | 登录号 | 条形码 | 馆藏地/架位号 | 状态 | 备注 |
| 1 | 6701844 | 267018443 | 密集书库-数信学院/ [索取号:O154.2/S258] | 在馆 | |
| 2 | 6701845 | 267018452 | 密集书库-数信学院/ [索取号:O154.2/S258] | 在馆 | |
| 3 | 6701846 | 267018461 | 密集书库-数信学院/ [索取号:O154.2/S258] | 在馆 | |
| 4 | 6701847 | 267018470 | 密集书库-数信学院/ [索取号:O154.2/S258] | 在馆 |